| 000 | 00641nam a2200217 a 4500 | ||
|---|---|---|---|
| 005 | 20240320063656.0 | ||
| 008 | 020709s1999 es r 000 0 spa d | ||
| 020 | _a8433920979 | ||
| 035 | _aUPN01000118033 | ||
| 049 | _aCG | ||
| 050 | 4 |
_aPS3551 U8 _bI5.88 1999 |
|
| 100 | 1 |
_aAuster, Paul, _d1947- _928861 |
|
| 245 | 1 | 3 |
_aLa invención de la soledad / _cPaul Auster ; tr. María Eugenia Ciocchini. |
| 250 | _a8a ed. | ||
| 260 |
_aBarcelona, Esp. : _bAnagrama, _c1999. |
||
| 300 | _a244 p. | ||
| 440 | 0 |
_aCompactos ; _v93 |
|
| 534 |
_pTítulo original: _tThe invent of solitude |
||
| 650 | 4 |
_aNovela estadounidense _94462 |
|
| 905 | _aLibro | ||
| 999 |
_c90427 _d90427 |
||